Slovakian section II.
Elmentve itt :
| Dokumentumtípus: | Könyv része |
|---|---|
| Megjelent: |
1999
|
| Sorozat: | Tiscia monograph series
The Upper Tisa valley : preparatory proposal for Ramsar site designation and an ecological background Hungarian, Romanian, Slovakian and Ukrainian co-operation |
| Kulcsszavak: | Tisza - élővilág, Felső-Tisza-vidék - ökológia |
| Tárgyszavak: | |
| Online Access: | http://acta.bibl.u-szeged.hu/10195 |
| LEADER | 00875naa a2200217 i 4500 | ||
|---|---|---|---|
| 001 | acta10195 | ||
| 005 | 20220322124958.0 | ||
| 008 | 161015s1999 hu o 0|| eng d | ||
| 022 | |a 1418-0448 | ||
| 040 | |a SZTE Egyetemi Kiadványok Repozitórium |b hun | ||
| 041 | |a eng | ||
| 245 | 0 | 0 | |a Slovakian section II. |h [elektronikus dokumentum] |
| 260 | |c 1999 | ||
| 300 | |a 115-118 | ||
| 490 | 0 | |a Tiscia monograph series | |
| 490 | 0 | |a The Upper Tisa valley : preparatory proposal for Ramsar site designation and an ecological background Hungarian, Romanian, Slovakian and Ukrainian co-operation | |
| 650 | 4 | |a Természettudományok | |
| 650 | 4 | |a Föld- és kapcsolódó környezettudományok | |
| 650 | 4 | |a Biológiai tudományok | |
| 695 | |a Tisza - élővilág, Felső-Tisza-vidék - ökológia | ||
| 856 | 4 | 0 | |u http://acta.bibl.u-szeged.hu/10195/1/tiscia_mono_004_115-118.pdf |z Dokumentum-elérés |